Quizzes
Events
Quiz Creation
Community
Videos
Private Events
Remove Ads
Sign In
Join for FREE
Feedback
Dark Mode
Quiz Categories
Sports
Geography
Music
Movies
Television
Just For Fun
Miscellaneous
History
Literature
Language
Science
Gaming
Entertainment
Religion
Holiday
For Kids
Quiz Lab
Recent
Popular Today
Quiz Kudos Today
Editor Picks
Curator Picks
Quizzes by...
Day
Popularity
Type
Ratings
Length
Year
Community
Subscriptions
Recent Discussions
Orange Saloon
Badges
Playlists
Quests
Create
Leaderboards
Showdown
Live 5
Trivia Bingo
Activity
Puzzle Library
Sporcle Events
Private Events
Virtual Trivia
Globe League
Become a Host
Pub Owners
SporcleCon
Opinionation
Our Games
Videos
Blog
Mobile Apps
Partnerships
Remove Ads and Go Orange
Feedback
Music
Pop Music
The Beatles
Song
Album
Lyrics
Bands
Singers
Artist
Clip
Rock
Rap
Classical
Billboard
Country Music
Kpop
Taylor Swift
Music
Pop Music
The Beatles
Song
Album
Lyrics
Bands
Singers
Artist
Clip
Rock
Rap
Classical
Billboard
Country Music
Kpop
Taylor Swift
Random Quiz
Search Sporcle
×
Quiz Lab
Quiz Lab
Music
Clickable
Select answers by clicking on text or image buttons
Select answers by clicking on text or image buttons
Clickable
Best Score? Go Orange.
Global Perspective Through Music- Hug- Chapter 10 Stats
Can you pick the Global Perspective Through Music- Hug- Chapter 10?
By
SIRHUGSALOT
10m
29 Questions
4 Plays
4 Plays
4 Plays
Comments
Comments
Give Quiz Kudos
Give Quiz Kudos
-
- Ratings
hide this ad
Forced Order
Answers have to be entered in order
Answers have to be entered in order
Random Order
Randomize order of answers
Randomize order of answers
Replay
Link that replays current quiz
Next Quiz
Link to next quiz in quiz playlist
You Got
0%
They Got
Avg Score
4%
Avg Friend Score
Upgrade to see
Score Distribution
Jump to the score distribution portion of the page
Score
0/29
Timer
10:00
0
Plays Today
% Correct
The administrative, economic, and political control of a territory by a colonial power.
50%
Traditional Bahamian Music usually played on accordion, saw with a goatskin drum
25%
Instruments whose bodies vibrate, part of Hornbostel–Sachs system of classification
25%
A Trinidadian music tradition tied to Afro Creole community
25%
A dance that originated in Europe but was adapted to Caribbean. Couples arrange in a square formation.
0%
A belief in the Bahamas derived from African models, concerned with both good and bad
0%
A term describing the movement of a people (usually of similar ethnic or racial history) into forced exile.
0%
Name of large Caribbean island shared by modern Haiti and the Dominican republic
0%
A repeated or cyclical melody or rhythmic pattern
0%
A European verse form with four octosyllabic lines per stanza
0%
A European verse form with ten octosyllabic lines per stanza
0%
Traditional French creole song, early form of calypso. These songs mostly use insulting or satiric lyrics
0%
Processions during Carnival that commemorated the harvest of burnt cane fields before emancipation
0%
Bamboo Percussion band used to accompany Calypso songs during Carnival times in the late 19th and early 20th centuries created in response to a drum ban
0%
Band of oil drums that have been tuned to play different pitches
0%
% Correct
Cuban dance form that begins at the end of 1800's. Consists of lead vocals, chorus, clave, palitos and congas
0%
Narrative text of Rumba
0%
Call and response with chorus
0%
A rhythmic cell common throughout the Caribbean containing five separate articulations
0%
A Bahamian Festival celebrated on Boxing Day and New Years, which includes music and dance
0%
Music style of French Antilles popularized in 1980's
0%
Music developed by Garifuna which features call and response vocals and percussion accompaniment
0%
An Indian music that has gained little traction in Trinidad due to their large Indian population
0%
Popular music style in Trinidad that blends two styles, Chutney and Soca
0%
Popular dance music of the dominican republic
0%
A spirit recognized as a manifestation of god in Yoruba religious practices
0%
Hindu Devotional song
0%
A folk music associated with phagwa in Trinidad and has roots in Indian folk music
0%
A major Hindu festival in the Trinidadian calendar
0%
Quiz Playlist
Details
Report
Send in Message
Add To Playlist
Clickable:
Select answers by clicking on text or image buttons
Forced Order:
Answers have to be entered in order
Random Order:
Randomize order of answers
Last Updated: Feb 16, 2017
Quiz Scoreboard
CHALLENGE
Sign Up to Join the Scoreboard
Show All
Scores
Hide
Comments
May contain spoilers
Recently Published
College Basketball Coaching Resumes
by pancakes188
Sports
9m
Billboard Blitz: Fleetwood Mac
by CooCooCachoo
Music
15s
Presidents Visiting Landmarks
by Hejman
History
7m
More to Explore
Quiz From the Vault
Featured Blog Post
Where Did the Easter Bunny Come From?
hide this ad
You Might Also Like...
Tags
Clickable Quiz
Chapter
global
Perspective
Today's Top Quizzes in Music
Browse Music
hide this ad
Today's Top Quizzes in Clickable
Browse Clickable
Top Contributed Quizzes in Music
1
Taylor Swift All Songs (2024)
2
7-to-1: Billboard Hot 100 #1 Hits of 2010s
3
Guess the Artist- 70s Songs
4
Sorting Albums and Songs
5
Taylor Swift Logic Puzzle
6
KPOP LOGIC QUIZ
7
Guess the Taylor Swift song (Mystery Song)
8
2010s Album by Cover III
9
One Thing in Common: Music
10
Guess The Taylor Swift Lyrics Song #1
Explore More
Trending Topics
Marvel
Harry Potter
Disney
Kpop
Crossword
Anime
NBA
Soccer
Puzzle
NFL
WWE
Song
Country
The Office
Pokémon
hide this ad
More By:
SIRHUGSALOT
Quiz
Plays
Rating
Category
Featured
Created
APUSH FUN
10
Geography
Oct 14, 2014
Global Perspective Through Music- Chapter 9
6
Music
Apr 14, 2015
Global Perspective Through Music- Hug- Chapter 10
4
Music
Apr 28, 2015
Global Perspective Through Music- Chapter 11
4
1.00
Music
May 5, 2015
Go to Creator's Profile
Score Distribution
Quiz Creator Spotlight
SIRHUGSALOT
Follow
Send a Message
Quizzes Created
-
Created Quiz Play Count
-
More By This Creator
Popular Quizzes Today
1
Find the US States - No Outlines Minefield
2
Find the Countries of Europe - No Outlines Minefield
3
The Countries of the World
4
Find the US States
5
Risky Map Clicking: Biggest States A-Z
6
US States
7
Popular People in 1961
8
Movies - When Are They Set?
More Music Quizzes
Artists on Billboard Year-End Hot 25 singles of 2004
Quiz Lab
Trending Quizzes
Risky Map Clicking: Least Populous States A-Z
1-10 Letter G Words
1-10 Letter F Words
Risky Map Clicking: Next State Alphabetically
Risky Map Clicking: Biggest States A-Z
Recently Updated
Leaping Animals
pecheneg
Reality TV Shows (A-Z)
bhenderson79
Rickey Henderson's Hall of Fame Teammates
pecheneg
Champions League XIs: Arsenal
pecheneg
Quick Pick: Celebrities in WWE's Hall of Fame
aduchscher
A-Z Keypad Blitz II
pecheneg
Multiple Oscar Actors
pecheneg
Mystery Phrase Blitz: Oscar 'Best Actors'
pecheneg
F. Scott Fitzgerald Novels
LTH
Pick 3 Villains
ddd62291
Trending Topics
Anime
Disney
NBA
Crossword
Marvel
Harry Potter
Kpop
The Office
WWE
Country
Soccer
Pokémon
Song
NFL
Puzzle
Your Account Isn't Verified!
In order to create a playlist on Sporcle, you need to verify the email address you used during registration. Go to your
Sporcle Settings
to finish the process.
Report this User
Report this user for behavior that violates our
Community Guidelines
.
Details:
Send Report
Go to the Sporcle.com Mobile Site →
Comments